Albums of Linkin Park (sudden death) - Estadísticas

Estadísticas generales
  • Esta prueba ha sido intentada 32 veces
  • La puntuación promedio es 6 de 10
Answers on the Grid
Answers color-coded by a green-red scale on the quiz's grid according to % correct below.
Hybrid Theory
Fever
Homerun
Back To The Game
Kill 'Em All
Meteora
From Zero
Master of Puppets
S&M
Collected
A Thousand Suns
Results May Vary
Living Things
Scream Aim Fire
Iowa
Born Again
The Hunting Party
Minutes To Midnight
Heaven And Hell
Crowz
Xero
The End, So Far
Road To Revolution
Ride The Lightning
In Waves
All Hope Is Gone
13
Never Say Die!
One More Light
Ascendancy
Death Magnetic
i tajiosz
 
Estadísticas de respuestas
Respuesta % Correcto
Hybrid Theory
84%
Meteora
76%
From Zero
68%
Minutes To Midnight
68%
A Thousand Suns
60%
One More Light
60%
Living Things
48%
The Hunting Party
48%
Xero
44%
Road To Revolution
36%
No se encontraron pruebas coincidentes
Distribución de puntuación
Porcentaje de gente con cada puntuación
Porcentaje por número respondido
Historial de tus puntuaciones
No has intentado esta prueba.